Rozvoj letectva SR v podmienkach ICAO a IATA bakalárska práca

Saved in:
Bibliographic Details
Main Author: Pari Kimbemba, Aime Madlin
Corporate Author: Fakulta medzinárodných vzťahov EU. Katedra medzinárodných politických vzťahov
Other Authors: Futó, Gilbert
Format: Book
Language:Slovak
Published: Bratislava 2018
Tags: Add Tag
No Tags, Be the first to tag this record!

MARC

LEADER 00000nbm a2200000 4500
001 0244523
005 20180802080648.2
041 0 |a slo 
044 |a SK 
245 1 0 |a Rozvoj letectva SR v podmienkach ICAO a IATA  |b bakalárska práca  |c Aime Madlin Pari Kimbemba ; školiteľ: Gilbert Futó 
264 1 |a Bratislava  |c 2018 
300 |a 58 s. 
100 1 |a Pari Kimbemba, Aime Madlin 
700 1 |a Futó, Gilbert 
710 2 |a Fakulta medzinárodných vzťahov EU. Katedra medzinárodných politických vzťahov